| 000 | 00948nam a2200289 i 4500 | ||
|---|---|---|---|
| 003 | DO-SdBNP | ||
| 005 | 20240404105715.0 | ||
| 007 | ta | ||
| 008 | 211015e2004 dr ||||fr|||| 00| 0 spa d | ||
| 020 | _a9993404446 | ||
| 040 |
_aDO-SdBNP _bsps _cBNPHU _erda |
||
| 082 | 4 |
_222 _bC389d, 2004 |
|
| 100 | 1 |
_910282 _aCedeño Jiménez, Victor Livio, _d1942- _eautor |
|
| 245 | 1 | 0 |
_aDerecho bancario dominicano / _cVíctor Livio Cedeño J. ; prólogo, Roberto B. Saladin Selin. |
| 250 | _a3a ed. | ||
| 264 |
_aSanto Domingo : _bCentenario, _c2004. |
||
| 300 |
_avolumenes ; _c24 cm |
||
| 336 |
_2rdacontent _atexto _btxt |
||
| 337 |
_2rdamedia _asin mediación _bn |
||
| 338 |
_2rdacarrier _avolumen _bnc |
||
| 500 | _aLa biblioteca posee el v.1 | ||
| 590 | _aInventariado 2024/BT | ||
| 650 | 4 |
_97945 _aDerecho Bancario _zRepública Dominicana |
|
| 700 | 1 |
_96281 _aSaladin Selin, Roberto B., _d1936- _eprólogo |
|
| 910 | _aBtavárez | ||
| 942 |
_2ddc _cLBS1 |
||
| 999 |
_c56243 _d56243 |
||